000 00657nam a2200253Ia 4500
003 LK-CoDNM
005 20241002144811.0
008 010623t1969 xxu||||| |||| 00| 1 eng d
040 _aLK-CoDNM
_dLK-CoDNM
_eLK-CoDNM
041 _aeng
080 _a104
_bKK18
100 _aBell,H.C.P
245 _aArchaeological Survey of Ceylon
_bPlans and Plates
260 _bJ.A.Skeen, Government Printers
_aColombo
_c1914
300 _b14p ; 20 cm
490 _vVol VII
650 _a104 KK18
650 _aEnglish
650 _aBell,H.C.P
650 _aArchaeological Survey of Ceylon
650 _aPlans and Plates
650 _a1914
942 _cBK
999 _c217315
_d217315